000 00509nam a2200229Ia 4500
003 OSt
005 20220924145529.0
006 a|||||r|||| 00| 0
007 ta
008 TEL
024 _a329142
037 _cTextual
040 _aARTS
_cARTS
_bTEL
041 _2TEL
_aTEL
082 _aO111,3NJ0,1, 35J7
100 _aJola
245 0 _aNaanaa
260 _c1957
650 _aENGLISH LITERATURE
942 _hO111,3NJ0,1, 35J7
_cTEXL
_2CC
999 _c460375
_d460375